Best-Known US Cities - Statistics

General Stats
  • This quiz has been taken 168 times
  • The average score is 17 of 20
Answer Stats
No. Answer Percentage Known % Correct
2 Los Angeles 88.3%
99%
1 New York 90.8%
99%
4 Miami 82.8%
97%
6 San Francisco 82.2%
96%
9 Houston 79.9%
95%
3 Chicago 84.1%
94%
8 Dallas 80.3%
94%
10 Boston 79.1%
92%
7 Seattle 81.8%
89%
12 Atlanta 74.8%
87%
19 Philadelphia 72.0%
87%
5 Las Vegas 82.4%
86%
18 Washington 72.4%
85%
15 Detroit 74.2%
84%
14 San Diego 74.3%
82%
13 Denver 74.4%
81%
17 Phoenix 72.6%
79%
20 Austin 71.4%
75%
11 Portland 75.3%
74%
16 New Orleans 73.8%
72%
No matching quizzes found
Score Distribution
Percent of People with Each Score
Percentile by Number Answered
Your Score History
You have not taken this quiz